书目信息 |
| 题名: |
三希堂法帖精华
|
|
| 作者: | ;中国书籍国学馆编委会 编 | |
| 分册: | 第一卷 | |
| 出版信息: | 北京 中国书籍出版社 2018.01 |
|
| 页数: | 70页 | |
| 开本: | 29cm | |
| 丛书名: | 中国书籍国学馆 | |
| 单 册: | ||
| 中图分类: | J292.21 | |
| 科图分类: | ||
| 主题词: | 法帖--fa tie--中国--古代 | |
| 电子资源: | ||
| ISBN: | 978-7-5068-6514-2 | |
| 000 | 01225nam 2200325 450 | |
| 001 | 2130962751 | |
| 005 | 20211130083627.37 | |
| 010 | @a978-7-5068-6514-2@b线装@dCNY49.75 | |
| 100 | @a20180510e2018 em y0chiy50 ea | |
| 101 | 0 | @achi |
| 102 | @aCN@b110000 | |
| 105 | @aa z 000yy | |
| 200 | 1 | @a三希堂法帖精华@Asan xi tang fa tie jing hua@h第一卷@f中国书籍国学馆编委会编 |
| 205 | @a影印本 | |
| 210 | @a北京@c中国书籍出版社@d2018.01 | |
| 215 | @a70页@c图@d29cm | |
| 225 | 2 | @a中国书籍国学馆@Azhong guo shu ji guo xue guan |
| 312 | @a版权页题名: 三希堂法帖 | |
| 330 | @a本书共收入从魏晋到明末135位著名书法家的340余件作品, 分楷书、行书、草书三种。另有历代名家、收藏家题跋200多件, 收藏印章1600多方, 几乎囊括了当时清廷所能收集到的所有从到明代历代名家的书法精品。 | |
| 410 | 0 | @12001 @a中国书籍国学馆 |
| 517 | 1 | @a三希堂法帖@Asan xi tang fa tie |
| 606 | 0 | @a法帖@Afa tie@y中国@z古代 |
| 690 | @aJ292.21@v5 | |
| 711 | 02 | @a中国书籍国学馆编委会@Azhong guo shu ji guo xue guan bian wei hui@4编 |
| 801 | 0 | @aCN@b人天书店@c20180510 |
| 803 | @a线装书 | |
| 804 | @a第一卷, 70 ; 第二卷, 71-146 ; 第三卷, 147-222 ; 第四卷, 223-298 | |
| 905 | @aZUCC@dJ292.21@e13:1 | |
| 962 | @a6336001 | |
| 969 | @aYBBK@bYBBK | |
| 三希堂法帖精华.第一卷/中国书籍国学馆编委会编.-影印本.-北京:中国书籍出版社,2018.01 |
| 70页:图;29cm.-(中国书籍国学馆) |
| ISBN 978-7-5068-6514-2(线装):CNY49.75 |
| 本书共收入从魏晋到明末135位著名书法家的340余件作品, 分楷书、行书、草书三种。另有历代名家、收藏家题跋200多件, 收藏印章1600多方, 几乎囊括了当时清廷所能收集到的所有从到明代历代名家的书法精品。 |
| ● |
| 相关链接 |
|
|
|
正题名:三希堂法帖精华
索取号:J292.21/13:1
 
预约/预借
| 序号 | 登录号 | 条形码 | 馆藏地/架位号 | 状态 | 备注 |
| 1 | 2000891317 | 2000891317 | 思政阅览室/思1架A面2层12列/ [索取号:J292.21/13:1] | 在馆 |